Determinanty priamych zahraničných investícií - prehľad literatúry

Stručný prehľad literatúry zaoberajúcej sa problematikou determinantov priamych zahraničných investícií a ich očakávaným vplyvom na zahraničné investície. Medzi najčastejšie determinanty, kde sa očakáva pozitívny vplyv na priame zahraničné investície sa zaraďuje veľkosť trhu, resp. jeho rast a trhov...

Descrizione completa

Salvato in:
Dettagli Bibliografici
Autore principale: Kubíková, Zuzana
Natura: Capitolo di libro
Lingua:slovacco
Soggetti:
Tags: Aggiungi Tag
Nessun Tag, puoi essere il primo ad aggiungerne!!

MARC

LEADER 00000nla a2200000 4500
001 0226995
005 20240502073736.3
041 0 |a slo 
044 |a SK 
245 1 0 |a Determinanty priamych zahraničných investícií - prehľad literatúry  |c Zuzana Kubíková 
520 |a Stručný prehľad literatúry zaoberajúcej sa problematikou determinantov priamych zahraničných investícií a ich očakávaným vplyvom na zahraničné investície. Medzi najčastejšie determinanty, kde sa očakáva pozitívny vplyv na priame zahraničné investície sa zaraďuje veľkosť trhu, resp. jeho rast a trhový potenciál, kvalita pracovnej sily, náklady na prácu, vzdialenosť medzi domovskou a hosťovskou krajinou, inštitucionálne prostredie, zdanenie. 
610 2 0 |a investície priame zahraničné 
610 2 0 |a trh 
610 2 0 |a náklady práce 
610 2 0 |a sily pracovné 
610 2 0 |a kvalita 
610 2 0 |a dane 
100 1 |a Kubíková, Zuzana